|
|
|
|
| LEADER |
00000 a2200000 4500 |
| 001 |
ALPHAC_18136 |
| 003 |
XX-XxUND |
| 008 |
s2013 xx |||||||||||| ||||und d |
| 020 |
|
|
|a 9788416701902
|
| 035 |
|
|
|a 9788416701902
|
| 100 |
1 |
|
|a Talaya, Á,Lorenzo, C
|e author
|
| 245 |
1 |
|
|a Dirección Comercial
|
| 260 |
|
|
|a España
|b España
|c 2013-05-01 00:00:00
|
| 300 |
|
|
|a 212
|
| 520 |
|
|
|a Para la empresa la planificación constituye un factor clave para minimizar riesgos y maximizar resultados. Es necesario establecer los objetivos que se quieren alcanzar y, a la vez, conocer la situación en que se encuentra la empresa y el entorno en que se enmarca. Esto permite definir las estrategias y acciones necesarias para su consecución en los plazos previstos.Todos los instrumentos del Marketing mix se integran de manera coordinada para alcanzar los objetivos de la empresa. A ese proceso de integración y toma de decisiones estratégica se le denomina planificación comercial, y se recoge en el Plan de Marketing. Por tanto, el Plan de Marketing es la herramienta básica de gestión de la planificación comercial de la empresa.
|
| 650 |
|
4 |
|a dirección,comercial
|
| 754 |
1 |
|
|a category
|c Ciencias Empresariales
|
| 856 |
4 |
|
|u https://alphaeditorialcloud.uam.elogim.com/reader/direccion-comercial
|z Texto completo
|